Départements de Nouvelle-Aquitaine (carte) - Statistiques

Statistiques générales
  • Ce quiz a été pris 10 045 fois
  • Le résultat moyen est 8 sur 12
Réponses sur la Carte
Les réponses sont colorées sur une échelle allant du rouge au vert en fonction du pourcentage des utilisateurs qui les ont devinées à leur premier essai. Vous pouvez retrouver ces pourcentages ci-dessous.
 
Statistiques - réponses
Départements % Correct
33 Gironde
85%
16 Charente
80%
64 Pyrénées-Atlantiques
80%
17 Charente-Maritime
79%
40 Landes
76%
24 Dordogne
67%
23 Creuse
64%
47 Lot-et-Garonne
63%
86 Vienne
63%
19 Corrèze
62%
79 Deux-Sèvres
60%
87 Haute-Vienne
58%
Aucun quiz correspondant
Distribution des résultats
% des personnes avec chaque résultat
Percentile par nombre de réponses
Votre historique - résultats
Vous n’avez pas pris ce quiz